[Event "HEM 2013 B Turnier"]
[Site "Korbach"]
[Date "2013.03.30"]
[Round "7.1"]
[White "Kies, Wolfgang"]
[Black "Rolf, Marco"]
[Result "1/2-1/2"]
[WhiteElo "1894"]
[BlackElo "1864"]
[PlyCount "29"]
[EventDate "2013.??.??"]
[WhiteTeam "SC Marsberg e.V."]
[BlackTeam "SK Bad Homburg 1927"]

1. d4 Nf6 2. c4 e5 3. e3 exd4 4. exd4 d5 5. Nc3 Be7 6. Nf3 O-O 7. Be2 dxc4 8.
Bxc4 Nbd7 9. O-O Nb6 10. Bb3 Nbd5 11. Re1 c6 12. Nxd5 Nxd5 13. Bxd5 cxd5 14.
Bf4 Bd6 15. Bxd6 1/2-1/2

[Event "HEM 2013 B Turnier"]
[Site "Korbach"]
[Date "2013.03.30"]
[Round "7.2"]
[White "Henkel, Volker"]
[Black "Braeutigam, Walter"]
[Result "1/2-1/2"]
[WhiteElo "1950"]
[BlackElo "1770"]
[PlyCount "28"]
[EventDate "2013.??.??"]
[WhiteTeam "SC Rochade 1963 Beckum"]
[BlackTeam "SpVg. Möhnesee von 1921 e.V."]

1. d4 Nf6 2. c4 g6 3. Nc3 d5 4. Nf3 Bg7 5. Qb3 dxc4 6. Qxc4 O-O 7. e4 Bg4 8.
Be2 Nbd7 9. Be3 Bxf3 10. Bxf3 e5 11. d5 a6 12. O-O Ne8 13. Rac1 Rc8 14. Qa4 f5
1/2-1/2

[Event "HEM 2013 B Turnier"]
[Site "Korbach"]
[Date "2013.03.30"]
[Round "7.3"]
[White "Lages, Karl Heinz"]
[Black "Herbst, Alexander"]
[Result "0-1"]
[WhiteElo "1917"]
[BlackElo "1597"]
[PlyCount "76"]
[EventDate "2013.??.??"]
[WhiteTeam "Sfr. Korbach"]
[BlackTeam "SC Langenbieber"]

1. e4 e5 2. Nf3 Nc6 3. Bb5 f5 4. exf5 e4 5. Qe2 Qe7 6. Bxc6 dxc6 7. Nd4 Nf6 8.
Ne6 Bxe6 9. fxe6 Qxe6 10. d3 O-O-O 11. Nc3 Re8 12. O-O exd3 13. Qxd3 Bd6 14.
Bd2 Ng4 15. h3 Ne5 16. Qd4 Rhf8 17. Rae1 Qg6 18. f4 Nd7 19. Ne4 Nb6 20. f5 Qf7
21. Nxd6+ cxd6 22. Rxe8+ Rxe8 23. f6 g6 24. a4 Kc7 25. Bc3 Re6 26. a5 Nc8 27.
Qf4 Re8 28. Qh6 Rd8 29. Rf4 Rd7 30. Rh4 Qg8 31. Qe3 Qf7 32. Re4 Kd8 33. g4 Rc7
34. b4 a6 35. Re6 Rd7 36. Be1 Rc7 37. Bg3 Kd7 38. c4 Qxe6 0-1

[Event "HEM 2013 B Turnier"]
[Site "Korbach"]
[Date "2013.03.30"]
[Round "7.4"]
[White "Kuehn, Thomas"]
[Black "Wagner, Thomas"]
[Result "1-0"]
[WhiteElo "1913"]
[BlackElo "1941"]
[PlyCount "115"]
[EventDate "2013.??.??"]
[WhiteTeam "Sfr. Braunfels e. V."]
[BlackTeam "SC Langenbieber"]

1. f4 d5 2. Nf3 Nf6 3. d3 c5 4. c3 Nc6 5. Qc2 Qc7 6. e4 e6 7. e5 Nd7 8. Na3 a6
9. Be2 b5 10. O-O b4 11. Nb1 Bb7 12. Be3 Rc8 13. d4 cxd4 14. Nxd4 bxc3 15. Nxc3
Bc5 16. Qd2 Qb6 17. Na4 Qb4 18. Qxb4 Bxb4 19. Nxc6 Rxc6 20. Rac1 O-O 21. Rxc6
Bxc6 22. a3 Be7 23. Nc3 Rb8 24. b4 a5 25. b5 Ba8 26. a4 Nc5 27. Rb1 Rd8 28. Bd4
Nb7 29. Bd1 Bc5 30. Ne2 Bb4 31. Rc1 Kf8 32. Bb6 Re8 33. g3 g6 34. Nd4 Kg7 35.
Rc7 Kf8 36. Nc2 Bd2 37. Kf1 Bc1 38. Ke2 h5 39. Kd3 Bb2 40. Ne1 Ba3 41. Nf3 Re7
42. Rc2 Re8 43. Ng5 Be7 44. Nf3 Bb4 45. Nd4 Nd8 46. Rc7 Nb7 47. Nc6 Be1 48. Ke2
Bc3 49. Ba7 Kg7 50. Nb8 Bb4 51. Na6 Ba3 52. Rc3 Be7 53. Rc7 Ba3 54. Kd3 Be7 55.
Rc3 Kf8 56. Nc7 Bb4 57. Rc2 Re7 58. Nxa8 1-0

[Event "HEM 2013 B Turnier"]
[Site "Korbach"]
[Date "2013.03.30"]
[Round "7.5"]
[White "Foerster, Rudi"]
[Black "Friedrich, Helmut"]
[Result "0-1"]
[WhiteElo "1882"]
[BlackElo "1696"]
[PlyCount "128"]
[EventDate "2013.??.??"]
[WhiteTeam "Sfr. Braunfels e. V."]
[BlackTeam "SC Schachmatt Weiterstadt"]

1. e4 c5 2. c3 e5 3. d4 cxd4 4. cxd4 Bb4+ 5. Bd2 Qa5 6. Nf3 Nf6 7. Bd3 d6 8.
O-O Bxd2 9. Nbxd2 Nc6 10. Nc4 Qd8 11. dxe5 dxe5 12. Ncxe5 Nxe5 13. Nxe5 O-O 14.
Qb3 Qe7 15. f4 Be6 16. Qb5 a6 17. Qb6 Rac8 18. Rac1 Rfd8 19. f5 Bxa2 20. Rxc8
Rxc8 21. Nf3 Qc5+ 22. Qxc5 Rxc5 23. Rd1 g6 24. e5 Bb3 25. Rd2 Ng4 26. f6 h6 27.
Re2 Bd1 28. Re1 Bxf3 29. gxf3 Rxe5 30. Rxe5 Nxe5 31. Be4 b6 32. Kf2 Nd7 33. Ke3
Nxf6 34. Bb7 a5 35. Bc6 Kf8 36. Kd4 Ke7 37. Kc4 Kd6 38. Ba4 Nd7 39. Kb5 Kc7 40.
Bb3 f6 41. Bf7 g5 42. Be6 Ne5 43. Bd5 Nd3 44. Be4 Ne5 45. Bd5 h5 46. Be4 Nf7
47. Bg6 Nd6+ 48. Ka4 h4 49. h3 Kc6 50. Bd3 Kc5 51. Kb3 b5 52. Bh7 Nc4 53. Kc2
a4 54. Bg8 b4 55. b3 Ne3+ 56. Kb1 a3 57. Be6 Kd4 58. Bd7 Nf1 59. Kc2 Ke3 60.
Bb5 Nd2 61. Bc6 Nxf3 62. Kc1 Kf4 63. Bd7 Kg3 64. Bg4 Ng1 0-1

[Event "HEM 2013 B Turnier"]
[Site "Korbach"]
[Date "2013.03.30"]
[Round "7.6"]
[White "Ackermann, Emil"]
[Black "Shkolnyk, Boris"]
[Result "1-0"]
[WhiteElo "1703"]
[BlackElo "1892"]
[PlyCount "78"]
[EventDate "2013.??.??"]
[WhiteTeam "SV Anderssen Arolsen"]
[BlackTeam "Sfr. Korbach"]

1. c4 e5 2. Nc3 Nc6 3. e3 Nf6 4. g3 a6 5. Bg2 Bc5 6. Nge2 d6 7. O-O O-O 8. b3
Rb8 9. Bb2 Bg4 10. h3 Bf5 11. d4 Ba7 12. Kh2 Re8 13. Qd2 Qd7 14. f4 exd4 15.
exd4 Qd8 16. Rae1 Bb6 17. g4 Bxg4 18. hxg4 Nxg4+ 19. Kg3 Ne3 20. Rh1 g5 21. Rh5
h6 22. Be4 Ne7 23. Rg1 Ba5 24. Kf3 N7f5 25. fxg5 Rxe4 26. Kxe4 d5+ 27. Kf3 dxc4
28. gxh6+ Kh7 29. Rxf5 Nxf5 30. Qf4 Qf6 31. Qe4 Re8 32. Nd5 Qe6 33. Ng3 Qxe4+
34. Nxe4 Rd8 35. Kf4 Nxh6 36. Ndf6+ Kh8 37. d5 c3 38. Nxc3 Rd6 39. Nce4 Bd2+
1-0

[Event "HEM 2013 B Turnier"]
[Site "Korbach"]
[Date "2013.03.30"]
[Round "7.8"]
[White "Tschoepe, Nino"]
[Black "Goebel, Knut"]
[Result "1/2-1/2"]
[WhiteElo "1871"]
[BlackElo "1644"]
[PlyCount "43"]
[EventDate "2013.??.??"]
[WhiteTeam "SC Marsberg e.V."]
[BlackTeam "SC Ober-Ramstadt"]

1. d4 d5 2. c4 c6 3. Nf3 Nf6 4. Qc2 e6 5. g3 Be7 6. Bg2 dxc4 7. Qxc4 Nbd7 8.
O-O O-O 9. Rd1 Nb6 10. Qc2 Re8 11. Nc3 Nbd5 12. a3 Qc7 13. e4 Nxc3 14. bxc3 Nd7
15. Bf4 Qa5 16. Nd2 Nb6 17. c4 Qa4 18. Qxa4 Nxa4 19. c5 Nc3 20. Re1 b6 21. a4
bxc5 22. dxc5 1/2-1/2

[Event "HEM 2013 B Turnier"]
[Site "Korbach"]
[Date "2013.03.30"]
[Round "7.9"]
[White "Rubruck, Eberhard"]
[Black "Renk, Cornelius"]
[Result "1-0"]
[WhiteElo "1835"]
[BlackElo "1837"]
[PlyCount "55"]
[EventDate "2013.??.??"]
[WhiteTeam "SK Bad Sooden-Allendorf"]
[BlackTeam "SC Marsberg e.V."]

1. Nf3 Nf6 2. c4 g6 3. d4 Bg7 4. Nc3 d6 5. e4 O-O 6. h3 e5 7. d5 a5 8. Bd3 Na6
9. Be3 Nc5 10. Bc2 Nh5 11. g3 f5 12. exf5 gxf5 13. Nh4 Nf6 14. Bxc5 dxc5 15.
Bxf5 Bxf5 16. Nxf5 Qe8 17. O-O Ra6 18. Nxg7 Kxg7 19. Qe2 Qg6 20. Rae1 Re8 21.
Ne4 Kh8 22. Nxc5 Nh5 23. Nxa6 e4 24. Qg4 Qh6 25. Rxe4 Rg8 26. Qe6 Qxe6 27. Rxe6
bxa6 28. Kh2 1-0

[Event "HEM 2013 B Turnier"]
[Site "Korbach"]
[Date "2013.03.30"]
[Round "7.10"]
[White "Hesse, Klaus Dieter"]
[Black "Engel, Markus"]
[Result "1-0"]
[WhiteElo "1927"]
[BlackElo "1415"]
[PlyCount "49"]
[EventDate "2013.??.??"]
[WhiteTeam "SK Stadtallendorf"]
[BlackTeam "Kasseler SK 1876"]

1. e4 d5 2. exd5 Qxd5 3. Nc3 Qa5 4. d4 c6 5. Nf3 Nf6 6. Bd3 Bg4 7. O-O e6 8.
Re1 Bd6 9. Ne4 Nxe4 10. Rxe4 Bf5 11. Rh4 Nd7 12. Bd2 Qc7 13. Bxf5 exf5 14. Qe2+
Kd8 15. Re1 Nf6 16. Bg5 Kc8 17. Bxf6 gxf6 18. Rh5 f4 19. Qe4 b6 20. Qf5+ Kb7
21. Qxf6 Rhe8 22. Rxh7 Rxe1+ 23. Nxe1 Re8 24. Nf3 Re7 25. Kf1 1-0

[Event "HEM 2013 B Turnier"]
[Site "Korbach"]
[Date "2013.03.30"]
[Round "7.11"]
[White "Kienel, Michael"]
[Black "Mierendorf, Werner"]
[Result "1-0"]
[WhiteElo "1497"]
[BlackElo "1603"]
[PlyCount "91"]
[EventDate "2013.??.??"]
[WhiteTeam "Peiner SV"]
[BlackTeam "SK Upland-Willingen"]

1. e4 c5 2. Nf3 d6 3. Bb5+ Bd7 4. Bxd7+ Nxd7 5. O-O Ngf6 6. Re1 g6 7. c4 Bg7 8.
Nc3 O-O 9. d3 a6 10. a4 Rb8 11. Bf4 Nh5 12. Bd2 Ne5 13. Nxe5 dxe5 14. Be3 Qd6
15. Qc2 Rbd8 16. Rad1 Nf4 17. Nd5 e6 18. Nxf4 exf4 19. Bc1 Bd4 20. b3 Qe5 21.
Qe2 Kh8 22. Qg4 g5 23. Kf1 Rg8 24. g3 fxg3 25. hxg3 Rg6 26. Kg2 Rdg8 27. Rh1 f5
28. Qh5 Qg7 29. Rh2 fxe4 30. dxe4 Rf8 31. f3 b6 32. Rdh1 Rf7 33. Qg4 Qe5 34.
Rh5 Rfg7 35. Qh3 Qc7 36. Qg4 Qe7 37. Rh6 Qf6 38. R6h5 Qe7 39. Qh3 g4 40. fxg4
Qb7 41. Re1 Rxg4 42. Rxh7+ Kg8 43. Rh8+ Kf7 44. Qh5+ Kf6 45. Rf1+ Ke7 46. Qxg4
1-0

[Event "HEM 2013 B Turnier"]
[Site "Korbach"]
[Date "2013.03.30"]
[Round "7.12"]
[White "Pleyer, Christian"]
[Black "Siebald, Joerg"]
[Result "1-0"]
[WhiteElo "1486"]
[BlackElo "1579"]
[PlyCount "101"]
[EventDate "2013.??.??"]
[WhiteTeam "SC Langenbieber"]
[BlackTeam "SC Rochade Emsdetten"]

1. d4 Nf6 2. c4 g6 3. Nc3 Bg7 4. Nf3 O-O 5. g3 d6 6. Bg2 Nc6 7. O-O Rb8 8. e4
e5 9. d5 Ne7 10. h3 Ne8 11. Nh4 f5 12. exf5 Nxf5 13. Nxf5 Bxf5 14. Ne4 Nf6 15.
f3 b5 16. b3 bxc4 17. bxc4 Qc8 18. Be3 Nxe4 19. fxe4 Bxh3 20. Rxf8+ Bxf8 21.
Qc2 Bxg2 22. Kxg2 Qb7 23. Rc1 a5 24. Kf3 Qb2 25. Ke2 a4 26. Kd2 h5 27. Bg5 Kh7
28. Qxb2 Rxb2+ 29. Rc2 Rb7 30. c5 dxc5 31. Be3 Rb5 32. Kd3 Be7 33. Kc4 Rb4+ 34.
Kd3 g5 35. Bxc5 Bxc5 36. Rxc5 Rd4+ 37. Ke3 h4 38. Rxc7+ Kg6 39. Rc6+ Kh5 40.
gxh4 Kxh4 41. Re6 g4 42. Rxe5 g3 43. Re8 Rd1 44. Ke2 Rd4 45. Kf3 Rd3+ 46. Kf4
Kh3 47. Rg8 a3 48. e5 Kh2 49. e6 g2 50. e7 Rd1 51. Rxg2+ 1-0

[Event "HEM 2013 B Turnier"]
[Site "Korbach"]
[Date "2013.03.30"]
[Round "7.13"]
[White "Bickmann, Uwe"]
[Black "Bekkink, Joey"]
[Result "1-0"]
[WhiteElo "1782"]
[BlackElo "1496"]
[PlyCount "87"]
[EventDate "2013.??.??"]
[WhiteTeam "SC Marsberg e.V."]
[BlackTeam "Caissa Eenhoorn"]

1. c4 Nf6 2. g3 g6 3. Bg2 Bg7 4. Nf3 O-O 5. O-O d6 6. Nc3 Nbd7 7. Rb1 e5 8. b4
a6 9. Qc2 Rb8 10. d3 h6 11. a4 Ne8 12. Ba3 f5 13. c5 g5 14. cxd6 cxd6 15. b5 b6
16. Rfc1 Ndf6 17. Nd2 a5 18. Nd5 Nxd5 19. Bxd5+ Kh8 20. Nc4 f4 21. Nd2 Bh3 22.
Bg2 Bxg2 23. Kxg2 Rf7 24. Bb2 d5 25. Nf3 d4 26. Qb3 Qd7 27. Rc6 Rf5 28. Qe6
Qxe6 29. Rxe6 Nc7 30. Rc6 Nd5 31. Rbc1 fxg3 32. Rc8+ Rf8 33. Rxb8 Rxb8 34. hxg3
Rb7 35. Nd2 Rd7 36. Rc8+ Kh7 37. Ne4 Nf6 38. Nxf6+ Bxf6 39. Rc6 Bd8 40. Ba3 Rd5
41. Rd6 Rxd6 42. Bxd6 Kg6 43. Bxe5 Bf6 44. Bc7 1-0

[Event "HEM 2013 B Turnier"]
[Site "Korbach"]
[Date "2013.03.30"]
[Round "7.14"]
[White "Reichel, Rolf"]
[Black "Becker, Robin"]
[Result "1/2-1/2"]
[WhiteElo "1776"]
[BlackElo "1454"]
[PlyCount "60"]
[EventDate "2013.??.??"]
[WhiteTeam "Sfr. Frankfurt 1921"]
[BlackTeam "SV Meschede e.V."]

1. e4 c6 2. Nc3 d5 3. e5 Bf5 4. d4 e6 5. Bd3 Bxd3 6. Qxd3 c5 7. Qb5+ Qd7 8.
Qxd7+ Nxd7 9. Nb5 Kd8 10. Nf3 a6 11. Nc3 cxd4 12. Nxd4 Nxe5 13. O-O Bb4 14.
Nce2 Nf6 15. a3 Be7 16. Rd1 Rc8 17. f4 Nc6 18. Nf3 Na5 19. Ned4 Bc5 20. Kf1
Bxd4 21. Nxd4 b5 22. a4 Nc6 23. axb5 Nxd4 24. Rxd4 axb5 25. Rb4 Rxc2 26. Rxb5
Nd7 27. Be3 Rc8 28. Ra7 Rc7 29. Ra8+ Rc8 30. Ra7 Rc7 1/2-1/2

[Event "HEM 2013 B Turnier"]
[Site "Korbach"]
[Date "2013.03.30"]
[Round "7.15"]
[White "Dresen, Dietmar"]
[Black "Kronenburg, Bernd"]
[Result "1/2-1/2"]
[WhiteElo "1660"]
[BlackElo "1786"]
[PlyCount "35"]
[EventDate "2013.??.??"]
[WhiteTeam "Bedburger SV 1947 e.V."]
[BlackTeam "SV 1929 Raunheim"]

1. Nf3 c5 2. g3 d5 3. Bg2 e6 4. d3 Nf6 5. O-O Be7 6. Nbd2 Nc6 7. e4 d4 8. a4 e5
9. Nc4 Bg4 10. h3 Bxf3 11. Bxf3 Qd7 12. Bg2 O-O 13. f4 Bd6 14. Nxd6 Qxd6 15.
fxe5 Nxe5 16. Bf4 Nfd7 17. Qd2 f6 18. Bxe5 1/2-1/2

[Event "HEM 2013 B Turnier"]
[Site "Korbach"]
[Date "2013.03.30"]
[Round "7.16"]
[White "Ullmann, Ralf"]
[Black "Johnen, Franz"]
[Result "1/2-1/2"]
[WhiteElo "1606"]
[BlackElo "1764"]
[PlyCount "57"]
[EventDate "2013.??.??"]
[WhiteTeam "SC Eschwege"]
[BlackTeam "SVigung 1928 Alsdorf e"]

1. e4 c5 2. Nf3 Nc6 3. d4 cxd4 4. Nxd4 e5 5. Nb3 Nf6 6. Nc3 Bb4 7. Bg5 h6 8.
Bxf6 Qxf6 9. Qd3 O-O 10. a3 Bxc3+ 11. Qxc3 d6 12. O-O-O Be6 13. f3 Rac8 14. Qe3
Bxb3 15. cxb3 Nd4+ 16. Kb1 Rc7 17. Bc4 b5 18. Bd5 Rfc8 19. Rc1 Qg5 20. Qxg5
hxg5 21. Rxc7 Rxc7 22. Rc1 Rxc1+ 23. Kxc1 Kf8 24. b4 Ke7 25. Kd2 g6 26. Kd3 f5
27. Kd2 Ne6 28. Bc6 Nc7 29. Bd5 1/2-1/2

[Event "HEM 2013 B Turnier"]
[Site "Korbach"]
[Date "2013.03.30"]
[Round "7.17"]
[White "Grasmik, Waldemar"]
[Black "Alefs, Willi"]
[Result "0-1"]
[WhiteElo "1599"]
[BlackElo "1898"]
[PlyCount "126"]
[EventDate "2013.??.??"]
[WhiteTeam "TSV 1876 Bad Kissingen"]
[BlackTeam "SC Fuldatal"]

1. e4 c5 2. d4 cxd4 3. c3 dxc3 4. Nxc3 Nc6 5. a3 e6 6. g3 Bc5 7. Bf4 e5 8. Bd2
Nf6 9. h4 h6 10. f4 Bd4 11. Nge2 O-O 12. fxe5 Bxe5 13. Nf4 d6 14. Bh3 Bxh3 15.
Rxh3 Qd7 16. Rh1 Nd4 17. Be3 Nc6 18. Qf3 Qg4 19. Qf2 Bxc3+ 20. bxc3 Nxe4 21.
Qg2 Qxg3+ 22. Qxg3 Nxg3 23. Rg1 Nf5 24. Bf2 Rfe8+ 25. Kd2 Ne5 26. Rg2 Nf3+ 27.
Kc2 Re4 28. Nh5 Kh8 29. Rh1 Rae8 30. Kb3 a5 31. Ng3 a4+ 32. Kc2 Nxg3 33. Bxg3
d5 34. Rd1 Rd8 35. h5 d4 36. Rd3 Ng5 37. Rgd2 Ne6 38. Bf2 g6 39. hxg6 fxg6 40.
Bxd4+ Nxd4+ 41. cxd4 Rd5 42. Kc3 b5 43. Rf2 Kg7 44. Rdf3 Re7 45. Rf6 h5 46. Kd3
Red7 47. R6f4 Kh6 48. Re4 Rf5 49. Rxf5 gxf5 50. Re5 Kg5 51. Rxb5 Kf4 52. Rb1 h4
53. Rf1+ Kg4 54. Rg1+ Kh5 55. Rg8 h3 56. Ke3 Kh4 57. Kf3 Rxd4 58. Rh8+ Kg5 59.
Ke3 Rc4 60. Kd3 Rh4 61. Rg8+ Kf4 62. Rg1 h2 63. Rh1 Kg3 0-1

[Event "HEM 2013 B Turnier"]
[Site "Korbach"]
[Date "2013.03.30"]
[Round "7.18"]
[White "Meise, Jan"]
[Black "Wuestehube, Harry"]
[Result "1-0"]
[WhiteElo "1454"]
[BlackElo "1912"]
[PlyCount "75"]
[EventDate "2013.??.??"]
[WhiteTeam "ESV Rot-Weiß Göttingen"]
[BlackTeam "Kasseler SK 1876"]

1. e4 e5 2. Nf3 d6 3. d4 exd4 4. Nxd4 Nf6 5. Nc3 Be7 6. Bc4 O-O 7. O-O Re8 8.
Re1 a6 9. a4 c5 10. Nf5 Bxf5 11. exf5 Nc6 12. Nd5 Nxd5 13. Qxd5 Rf8 14. c3 Bf6
15. f4 Qd7 16. g4 g6 17. Rd1 gxf5 18. g5 Be7 19. Qf3 Nd8 20. Qh5 Kh8 21. Rd3
Rg8 22. b4 Ne6 23. Qxf7 Rg6 24. Rh3 Nf8 25. Bd3 Bxg5 26. Rxh7+ Nxh7 27. Qxd7
Bxf4+ 28. Kf2 Be5 29. Ra3 Rg7 30. Qe6 Rag8 31. bxc5 Rg2+ 32. Ke1 Rxh2 33. Be3
Rh3 34. Kd2 Rg2+ 35. Be2 Rhh2 36. cxd6 Rxe2+ 37. Kd3 f4 38. Qxe5+ 1-0

[Event "HEM 2013 B Turnier"]
[Site "Korbach"]
[Date "2013.03.30"]
[Round "7.19"]
[White "Straschnej, Paul"]
[Black "Hoepfner, Michael"]
[Result "0-1"]
[WhiteElo "1554"]
[BlackElo "1300"]
[PlyCount "106"]
[EventDate "2013.??.??"]
[WhiteTeam "Sfr. Bad Emstal 1993"]
[BlackTeam "Kasseler SK 1876"]

1. d4 e6 2. c4 b6 3. Nc3 Bb7 4. e3 Nf6 5. Nf3 Bb4 6. Bd2 O-O 7. a3 Bxc3 8. Bxc3
a5 9. Bd3 Ne4 10. Bxe4 Bxe4 11. O-O d5 12. b3 Nc6 13. Rc1 Re8 14. Nd2 Bd3 15.
Re1 Qe7 16. Bb2 Qf6 17. cxd5 exd5 18. Rc3 Ba6 19. Nf3 Rac8 20. Qc1 Bb7 21. Re2
Nxd4 22. Nxd4 c5 23. Nf3 d4 24. Nxd4 cxd4 25. Rxc8 Rxc8 26. Qa1 Qg6 27. f4 d3
28. Rd2 Rc2 29. Qd1 Rxd2 30. Qxd2 Qxg2+ 31. Qxg2 Bxg2 32. Bc3 Be4 33. h4 f6 34.
Kf2 Kf7 35. h5 Ke6 36. b4 a4 37. b5 Kd5 38. Ke1 Kc4 39. Kd2 h6 40. Bb4 g6 41.
Be7 gxh5 42. Bxf6 Kb3 43. Be7 h4 44. Bxh4 Kxa3 45. Bd8 Kb4 46. Bxb6 Kxb5 47.
Bd4 Kc4 48. Bb2 Kb3 49. Bg7 h5 50. Bf6 a3 51. Kc1 a2 52. f5 Bxf5 53. Kd2 h4 0-1

[Event "HEM 2013 B Turnier"]
[Site "Korbach"]
[Date "2013.03.30"]
[Round "7.20"]
[White "Kalkuhl, Thorsten"]
[Black "Dinslage, Klaus-Dieter"]
[Result "0-1"]
[WhiteElo "1209"]
[BlackElo "1540"]
[PlyCount "104"]
[EventDate "2013.??.??"]
[WhiteTeam "SC Marsberg e.V."]
[BlackTeam "Bahn-SC Wuppertal"]

1. d4 d5 2. Nf3 Nf6 3. c4 e6 4. Bg5 Be7 5. Nbd2 b6 6. e4 dxe4 7. Bxf6 Bxf6 8.
Nxe4 Be7 9. Bd3 O-O 10. O-O Nd7 11. Bc2 Bb7 12. Re1 c5 13. d5 exd5 14. cxd5 f5
15. Ng3 g6 16. d6 Bf6 17. Bb3+ Kg7 18. Qd2 Re8 19. Rxe8 Qxe8 20. Re1 Qf8 21.
Bd5 Bxd5 22. Qxd5 Re8 23. Rxe8 Qxe8 24. b3 a5 25. Kf1 Qf7 26. Qxf7+ Kxf7 27.
Nd2 b5 28. a4 Bc3 29. Ke2 bxa4 30. bxa4 Nb6 31. Kd3 Bxd2 32. Kxd2 Nxa4 33. Ne2
Nb6 34. Nc1 a4 35. Kc3 Ke6 36. f4 Kxd6 37. Nd3 Nd5+ 38. Kb2 c4 39. Ne5 Kc5 40.
g3 Kd4 41. Nf3+ Ke3 42. Ne5 c3+ 43. Kc2 Kf2 44. Nd7 Kg2 45. Nf8 Kxh2 46. Nxh7
Kxg3 47. Nf8 Kxf4 48. Nxg6+ Ke3 49. Ne5 f4 50. Ng4+ Ke2 51. Ne5 f3 52. Nd3 f2
0-1

[Event "HEM 2013 B Turnier"]
[Site "Korbach"]
[Date "2013.03.30"]
[Round "7.22"]
[White "Naujocks, Christian"]
[Black "Krug, Franz-Dieter"]
[Result "0-1"]
[WhiteElo "1639"]
[BlackElo "1571"]
[PlyCount "56"]
[EventDate "2013.??.??"]
[WhiteTeam "Sfr. Korbach"]
[BlackTeam "SVigung 1928 Alsdorf e"]

1. e4 e5 2. Nf3 d6 3. d4 exd4 4. Nxd4 Nd7 5. Bc4 Ne5 6. Bb3 Bg4 7. f3 Bh5 8.
O-O Nf6 9. g4 Bg6 10. h4 h5 11. g5 Nfd7 12. f4 Nc5 13. fxe5 Nxb3 14. axb3 dxe5
15. Nf5 Bc5+ 16. Kg2 Bxf5 17. exf5 Bd4 18. Qf3 c6 19. Rd1 Qe7 20. Qe4 f6 21. c3
Bb6 22. Na3 O-O 23. Qf3 Qc5 24. Qxh5 Qf2+ 25. Kh3 Qxf5+ 26. Kg2 fxg5 27. hxg5
Qe4+ 28. Kh2 Rf2+ 0-1

[Event "HEM 2013 B Turnier"]
[Site "Korbach"]
[Date "2013.03.30"]
[Round "7.23"]
[White "Seemke, Erwin"]
[Black "Martens, Nick"]
[Result "1-0"]
[WhiteElo "1162"]
[BlackElo "1747"]
[PlyCount "138"]
[EventDate "2013.??.??"]
[WhiteTeam "Sfr. Korbach"]
[BlackTeam "SF Battenberg"]

1. d4 d6 2. Nf3 Nd7 3. c4 g6 4. Nc3 Bg7 5. e3 c6 6. a3 Ngf6 7. Qc2 O-O 8. b4 a6
9. Bd3 e6 10. O-O d5 11. c5 Re8 12. e4 dxe4 13. Nxe4 Nxe4 14. Bxe4 Qc7 15. Bb2
Nf6 16. Rfe1 Nd5 17. Bxd5 cxd5 18. Bc1 Bd7 19. Be3 Reb8 20. Qd2 a5 21. Bf4 Qc8
22. Bxb8 Rxb8 23. a4 axb4 24. Qxb4 Bf8 25. Qb6 Qe8 26. a5 Bb5 27. Reb1 Ba6 28.
Ne5 Bg7 29. Qb4 Bxe5 30. dxe5 Rc8 31. Qd4 Rc7 32. Rb6 Qc8 33. Rc1 Bc4 34. Rcb1
Ba6 35. c6 Rxc6 36. Rxc6 Qxc6 37. h3 Qc2 38. Qb2 Qa4 39. Qb4 Qc2 40. Qb6 Kg7
41. Qb2 Qe4 42. Qa1 d4 43. Re1 Qd5 44. Rd1 d3 45. Rd2 f6 46. exf6+ Kf7 47. Qc3
Bc4 48. Qb4 Kxf6 49. Qf8+ Ke5 50. Qg7+ Ke4 51. Qxh7 Kd4 52. Qh8+ e5 53. Qa8 Ba6
54. Qa7+ Qc5 55. Qxc5+ Kxc5 56. f3 Kb4 57. Kf2 Kxa5 58. Ke3 Kb4 59. g4 Kc3 60.
h4 Bc4 61. h5 gxh5 62. gxh5 Bf7 63. Rxd3+ Kc4 64. h6 Bg6 65. Rd7 b5 66. h7 Bxh7
67. Rxh7 b4 68. Ke4 b3 69. Kxe5 b2 1-0

[Event "HEM 2013 B Turnier"]
[Site "Korbach"]
[Date "2013.03.30"]
[Round "7.24"]
[White "Wolff, Beate"]
[Black "Buettner, Rudi"]
[Result "0-1"]
[WhiteElo "905"]
[BlackElo "1462"]
[PlyCount "66"]
[EventDate "2013.??.??"]
[WhiteTeam "VSG 1880 Offenbach"]
[BlackTeam "SK Bad Sooden-Allendorf"]

1. c4 e5 2. g3 Nf6 3. Bg2 Bc5 4. Nf3 d6 5. O-O O-O 6. Nc3 Nbd7 7. d3 c6 8. Bg5
h6 9. Bd2 Re8 10. e4 a6 11. a4 Ba7 12. Qe2 Nc5 13. Be3 Nb3 14. Rab1 Nd4 15. Qd1
Bg4 16. Ne2 Nxf3+ 17. Kh1 Nd4 18. Bxd4 Bxe2 19. Qxe2 Bxd4 20. h3 Nh7 21. f4
exf4 22. Rxf4 Be5 23. Rf3 Ng5 24. Rff1 Bxg3 25. b3 Qe7 26. Qg4 Be5 27. Rbe1 Qe6
28. Qf5 Qxf5 29. Rxf5 Ne6 30. Ref1 f6 31. R5f2 Nc5 32. b4 Nxd3 33. Rf3 Nxb4 0-1

[Event "HEM 2013 B Turnier"]
[Site "Korbach"]
[Date "2013.03.30"]
[Round "7.25"]
[White "Heidenreich, Gundolf"]
[Black "Weber, Stefan"]
[Result "1-0"]
[WhiteElo "1429"]
[BlackElo "1512"]
[PlyCount "119"]
[EventDate "2013.??.??"]
[WhiteTeam "SK 1950 Vellmar"]
[BlackTeam "Sfr. Korbach"]

1. d4 Nf6 2. c4 e6 3. Nc3 g6 4. Bg5 Bg7 5. e4 h6 6. Bxf6 Bxf6 7. e5 Bg7 8. Bd3
Nc6 9. Nf3 d6 10. exd6 Nxd4 11. dxc7 Qxc7 12. Nxd4 Bxd4 13. Nb5 Qa5+ 14. Qd2
Qxd2+ 15. Kxd2 Be5 16. Kc2 a6 17. Nc3 Bxc3 18. Kxc3 f5 19. Rhe1 Kf7 20. a4 Kf6
21. a5 e5 22. Rad1 Be6 23. Rd2 Rac8 24. b3 Rc5 25. b4 Rc7 26. f3 Rhc8 27. c5
Re7 28. Rde2 Bd5 29. Re3 Rce8 30. g3 g5 31. b5 axb5 32. Bxb5 Rc8 33. Kb4 e4 34.
fxe4 Rxe4+ 35. Rxe4 Bxe4 36. Rd1 Ke5 37. Rd6 h5 38. a6 bxa6 39. Bxa6 Rc6 40.
Rxc6 Bxc6 41. Bb5 Bg2 42. Ka5 Kd5 43. Kb6 Kd4 44. Bc6 Bxc6 45. Kxc6 f4 46. Kd6
f3 47. c6 f2 48. c7 f1=Q 49. c8=Q Qf6+ 50. Qe6 Qd8+ 51. Kc6 Qa8+ 52. Kd7 Qb7+
53. Ke8 Qe4 54. Kf7 Qh7+ 55. Kf6 Qh6+ 56. Kf5 Qxe6+ 57. Kxe6 Ke4 58. Kf6 g4 59.
Kg5 Ke3 60. Kxh5 1-0

[Event "HEM 2013 B Turnier"]
[Site "Korbach"]
[Date "2013.03.30"]
[Round "7.26"]
[White "Pabst, Olaf"]
[Black "Ehmann, Johanna"]
[Result "1/2-1/2"]
[WhiteElo "1681"]
[BlackElo "1096"]
[PlyCount "60"]
[EventDate "2013.??.??"]
[WhiteTeam "Sfr. Korbach"]
[BlackTeam "SF Sasbach e.V."]

1. f4 f5 2. Nf3 Nc6 3. e3 Nf6 4. d3 d5 5. c3 Qd6 6. Be2 Bd7 7. a4 O-O-O 8. Na3
e5 9. Nb5 Qe7 10. fxe5 Nxe5 11. Nxe5 Qxe5 12. d4 Qe4 13. Bf3 Qh4+ 14. g3 Qh3
15. Kf2 a6 16. Na3 Ne4+ 17. Kg1 h5 18. Bg2 Qg4 19. Qxg4 hxg4 20. Bxe4 dxe4 21.
Nc2 Be6 22. b4 b6 23. b5 a5 24. Ne1 Bd5 25. Ng2 g5 26. Bd2 Bd6 27. Rc1 Ba3 28.
Rb1 Kb7 29. Bc1 Bxc1 30. Rxc1 Bc4 1/2-1/2

[Event "HEM 2013 B Turnier"]
[Site "Korbach"]
[Date "2013.03.30"]
[Round "7.27"]
[White "Fehling, Janek"]
[Black "Lorch, Alexander"]
[Result "1/2-1/2"]
[WhiteElo "995"]
[BlackElo "1365"]
[PlyCount "106"]
[EventDate "2013.??.??"]
[WhiteTeam "SK Turm Bad Hersfeld"]
[BlackTeam "SC Eschwege"]

1. e4 c5 2. Nf3 d6 3. d4 cxd4 4. Qxd4 a6 5. Bc4 Nc6 6. Qd1 Nf6 7. Nc3 e6 8. Bg5
Be7 9. Bxf6 Bxf6 10. O-O O-O 11. Qd2 b5 12. Bb3 Qc7 13. a3 Bb7 14. Qe3 Rfd8 15.
Rfd1 Na5 16. Rd3 Nxb3 17. cxb3 Rac8 18. b4 Qb8 19. Re1 Be7 20. h3 Rd7 21. Red1
Rcd8 22. Qf4 Qc8 23. Re1 d5 24. e5 Rc7 25. Ng5 Bxg5 26. Qxg5 Kh8 27. Rg3 Rg8
28. Rg4 Qd8 29. Qxd8 Rxd8 30. Rd1 Rdc8 31. Rf4 Kg8 32. Rd3 Rc4 33. Rdd4 Rxd4
34. Rxd4 Rc4 35. Rxc4 bxc4 36. Kf1 f5 37. f4 d4 38. Na4 Kf7 39. Nc5 Bc8 40. Ke2
Ke7 41. b3 c3 42. Kd3 Kd8 43. Kxd4 c2 44. Nd3 Bb7 45. g3 Be4 46. Nc1 Kc7 47.
Kc5 Bd5 48. b5 a5 49. b6+ Kb7 50. Kb5 h6 51. h4 Be4 52. Kxa5 Bc6 53. b4 g6
1/2-1/2